Hundred years of Iqbal studies / (Record no. 37698)
[ view plain ]
| 000 -LEADER | |
|---|---|
| fixed length control field | 00764nam a2200241 a 4500 |
| 001 - CONTROL NUMBER | |
| control field | 37698 |
| 003 - CONTROL NUMBER IDENTIFIER | |
| rucl marc code | BD-RjUL |
| 005 - DATE AND TIME OF LATEST TRANSACTION | |
| control field | 20211209052633.0 |
| 008 - FIXED-LENGTH DATA ELEMENTS--GENERAL INFORMATION | |
| fixed length control field | 150206s2003 pk | 000 0deng d |
| 020 ## - INTERNATIONAL STANDARD BOOK NUMBER | |
| International Standard Book Number | 9694721571 |
| 035 ## - SYSTEM CONTROL NUMBER | |
| System control number | (BD-RjUL) |
| 040 ## - CATALOGING SOURCE | |
| Original cataloging agency | BD-RjUL |
| Language of cataloging | eng |
| Transcribing agency | BD-RjUL |
| 041 ## - LANGUAGE CODE | |
| Language code of text/sound track or separate title | eng |
| 082 ## - DEWEY DECIMAL CLASSIFICATION NUMBER | |
| Edition number | 22 |
| Classification number | 891.43915 |
| Author mark and year | HUN 2003 |
| 245 00 - TITLE STATEMENT | |
| Title | Hundred years of Iqbal studies / |
| Statement of responsibility, etc. | compiled by Waheed Ishrat. |
| 246 3# - VARYING FORM OF TITLE | |
| Title proper/short title | 100 years of Iqbal studies |
| 260 ## - PUBLICATION, DISTRIBUTION, ETC. (IMPRINT) | |
| Place of publication, distribution, etc. | Islamabad : |
| Name of publisher, distributor, etc. | Pakistan Academy of Letters, |
| Date of publication, distribution, etc. | 2003. |
| 300 ## - PHYSICAL DESCRIPTION | |
| Pagination | viii, 786 p. ; |
| Size | 23 cm. |
| 600 10 - SUBJECT ADDED ENTRY--PERSONAL NAME | |
| Personal name | Iqbal, Muhammad, |
| Titles and other words associated with a name | Sir, |
| Dates associated with a name | 1877-1938 |
| General subdivision | Criticism and interpretation. |
| 700 1# - ADDED ENTRY--PERSONAL NAME | |
| Personal name | ʿIshrat, Vaḥīd. |
| 710 2# - ADDED ENTRY--CORPORATE NAME | |
| Corporate name or jurisdiction name as entry element | Akādmī Adabiyāt-i Pākistān. |
| 9 (RLIN) | 115959 |
| 942 ## - ADDED ENTRY ELEMENTS (KOHA) | |
| Source of classification or shelving scheme | Dewey Decimal Classification |
| Koha item type | Books |
| Lost status | Source of classification or shelving scheme | Damaged status | Not for loan | Permanent Location | Current Location | Shelving location | Date acquired | Cost, normal purchase price | Total Checkouts | Full call number | Date last seen | Copy number | Koha item type |
|---|---|---|---|---|---|---|---|---|---|---|---|---|---|
| Dewey Decimal Classification | Not For Loan | Institute of Biological Sciences (IBSc) Library | Institute of Biological Sciences (IBSc) Library | 07/02/2015 | 500.00 | 891.43915 HUN 2003 | 07/02/2015 | C-1 | Books |